00743nam a2200217 a 450000100060000000300080000600500170001400800410003103500190007203500180009104000360010904100080014508200250015310000240017824500830020226000730028530000350035865000320039365000440042585600560046958009BD-RjUL20211209080558.0161212s1965 sw ab b 000 0 eng  a(BD-RjUL)58133 a(OCoLC)263147 aDLCcODaWUdOCoLCdBD-RjULbeng aeng a307.76223bMOM 19651 aMorrill, Richard L.10aMigration and the spread and growth of urban settlement /cRichard L. Morrill. aLund :bRoyal University of Lund, Sweden, Dept. of Geography,c1965. aviii, 208 p. :bill. ;c24 cm. 0aUrbanizationvCase studies. 0aCities and townsxGrowthvCase studies. uLund studies in geography. Ser. B: Human geography,